000 04118nam a2200313Ia 4500
003 CO-CtgCURN
005 20250408214542.0
008 190723s2004 xx 000 0 und d
020 _a9587070488
040 _aCO-CtgCURN
_bspa
_ccoctgcurn
082 _a343.820
_bS479d
100 _aSequera Duarte, Álvaro
_eautor
_99805
245 0 _aDerecho aeronáutico colombiano :
_bDecretos 260 y 261 de 2004: legislación, jurisprudencia, convenios, protocolos, normas aeronáuticas /
_cÁlvaro Sequera Duarte; prólogo., Pablo Michelsen Niño
250 _a1 edición
260 _aBogotá, Colombia :
_bLibrería Ediciones del Profesional,
_c2004
300 _a629 páginas ;
_c24 centímetros
500 _aIncluye introducción, prólogo e índice
504 _aIncluye referencias bibliográficas (p. [627]- 629)
505 _aCap. I. Naturaleza del derecho aeronáutico -- Definiciones -- Normatividad aeronáutica -- Concepto de la actividad aeronáutica -- La circulación aérea y la navegación aérea -- La utilización de la aeronave comercial -- Concepto general -- Objetivos del derecho aéreo -- Las características de derecho aeronáutico -- Ordenamiento compuesto del derecho aeronáutico -- Cap. II. Fuentes jurídicas -- Legislación internacional y nacional -- Legislación aeronáutica colombiana -- Doctrina -- Jurisprudencia aeronáutica -- Cap. III. Desarrollo tecnológico y jurídica de la aeronáutica -- El desarrollo tecnológico aeronáutico -- El motor aéreo -- Características de la atmosfera -- Perfiles alares -- El perfil -- Aerodinámica del perfil -- El avión en vuelo -- Aviones comerciales ultramodernos -- Cap. IV. Antecedentes jurídicos de la aeronáutica -- Iniciativas nacionales -- Convenciones preliminares de aeronáutica -- Convenios suplementarias -- Los acuerdos de transito y de trasporte aéreo - políticas aéreas de la Estados unidos VS Reino Unido -- Cap. V. Los organismos internacionales y colombianos de la aviación civil -- Organismos internacionales de la aviación civil -- Organismos de derecho público -- Organismos de nivel regional -- Los organismo de derecho privado -- Organismos privados regionales -- Cap. VI. Los derechos sobre el espacio aéreo -- Los limites del espacio aéreo y su control jurídico -- Delimitación del espacio aéreo -- El control jurídico del espacio aéreo -- El espacio aéreo, objeto de soberanía y de propiedad privada y el derecho del vuelo -- Cap. VII. La aeronave y los derechos que se ejercen sobre ella -- La aeronave y su documentación -- Los documentos de la aeronave -- El registro de la aeronave -- El propietario y el explotador de la aeronave -- Los derechos reales que se ejercen sobre las aeronaves -- Cap. VIII. Transporte aéreo -- estructura jurídica- económica -- estructura jurídica del trasporte aéreo -- Los servicios no regulares (charters) -- Economía del trasporte aéreo -- Las capacidades de oferta -- Cap. IX. El contrato de trasporte y la responsabilidad del transportador aéreo -- El contrato de transporte aéreo -- Ámbito y definición del contrato -- Transporte de carga aérea -- Responsabilidad por daños causados a terceros en la superficie -- Cap. X. Normas aeronáuticas de Colombia.
520 _aEsta obra es un aporte significativo, para los amantes de la aviación en Hispanoamérica y todos aquellos que tienen que ver directa o indirectamente como los estudiantes de derecho, profesores de la materia, abogados, aviadores, ingenieros de vuelo, ingenieros aeronáuticos, auxiliares de vuelo, controladores, radaristas, despachadores, operadores terrestres, inspectores; conozcan la urdimbre de la norma nacional e internacional en el campo del derecho aeronáutico.
521 _aAREA PROFESIONAL
590 _aPrograma de Derecho_18
630 _aDecreto 260 de 2004
_zColombia
_99829
630 _aDecreto 261 de 2004
_zColombia
_99830
650 _aDerecho aéreo
_99806
700 _aMichelsen Niño, Pablo
_eprólogo
_99807
942 _cBK
_h343.820
_iS479d
_2ddc
_n0
999 _c28620
_d28620